000 01073cam a2200289 4500
001 J88073
008 090401t1997 xxu||||| |||| 00| 0 eng d
020 _a0856055239
035 _a(Sirsi) u82456
041 _aeng
050 _a690.09437
110 _aForeign and Commonwealth Office
_91230
245 _aSector Report: Czech Republic: the property, construction and building materials markets.
260 _aLondon
_bDepartment of Trade and Industry
_c1997
300 _a75p. ; 30cm.
350 _a50
490 _aURN
_v97/6236
520 _aAimed at those involved in property investment and development, construction and building materials supply, this guide provides a general overview of the Czech property and construction market. Includes a list of useful contacts.
650 _aBUILT ENVIRONMENT-BUILDING MATERIALS
650 _aCONSTRUCTION INDUSTRY
650 _aCZECH REPUBLIC
650 _aPROPERTY MARKET
690 _aOVERSEAS-EUROPE
710 _aUnited Kingdom
_bDepartment of Trade and Industry
942 _n0
948 _c02/12/1997
999 _c96783
_d96783